000 00560nam a22001937a 4500
005 20250707111415.0
010 _aENG-145713
020 _a9789361596421
_c620.00
035 _aEN-129245
037 _bDBAD
082 _a540
_213
245 _aPearson IIT Foundation Chemistry/
250 _a13
260 _aNoida
_bPearson India Education
_c2025
270 _a15th Floor, Towe-B, World Trade Tower, Plot No.1, Block-C, Sector-16
_bNoida
_e201301
300 _avpp.
_c28cm(pbk)
500 _aFor Class 10
942 _2ddc
_cEN
_h540
_mPEA
999 _c212141
_d212141